Asian Countries by Letter - Statistics

General Stats
  • This quiz has been taken 563 times
  • The average score is 17 of 20
Answer Stats
Hint Answer % Correct
C Cambodia, China, Cyprus
96%
A Afghanistan, Armenia, Azerbaijan
95%
B Bangladesh, Bahrain, Bhutan etc.
93%
I India, Iran, Israel etc.
93%
J Japan, Jordan
91%
M Malaysia, Mongolia, Myanmar etc.
90%
O Oman
90%
L Laos, Lebanon
89%
Q Qatar
89%
S Saudi Arabia, South Korea, Syria etc.
89%
N Nepal, North Korea
88%
T Turkey, Thailand, Taiwan etc.
88%
K Kazakhstan, Kuwait, Kyrgyzstan
86%
P Pakistan, Philippines
86%
Y Yemen
86%
U UAE, Uzbekistan
84%
V Vietnam
83%
R Russia
76%
G Georgia
75%
E East Timor
71%
No matching quizzes found
Score Distribution
Percent of People with Each Score
Percentile by Number Answered
Your Score History
You have not taken this quiz